Normal view
MARC view
- القرآن الكريم - تصوير ساخر
Entry Topical Term
001 - CONTROL NUMBER
- control field: 40150
003 - CONTROL NUMBER IDENTIFIER
- control field: JO-AjAnu
005 - DATE AND TIME OF LATEST TRANSACTION
- control field: 20230606080654.0
008 - FIXED-LENGTH DATA ELEMENTS
- fixed length control field: 230606|| aca||aabn | a|a d
040 ## - CATALOGING SOURCE
- Original cataloging agency: JO-AjAnu
- Transcribing agency: JO-AjAnu
150 ## - HEADING--TOPICAL TERM
- Topical term or geographic name entry element: القرآن الكريم - تصوير ساخر
670 ## - SOURCE DATA FOUND
- Source citation: Work cat.: (JO-AjAnu)20582: حفني، عبد الحليم, author 40149, التصوير الساخر في القرآن الكريم